000 00830nam a2200277Ia 4500
003 OSt
005 20220928124333.0
006 a|||||r|||| 00| 0
007 ta
008 220927b |||||||| |||| 00| 0 eng d
020 _c700
024 _a121042
037 _b375, 03/01/2014, Classic Book Service
_cTextual
040 _aSDCL
_cSDCL
_beng
041 _2eng
_aeng
082 _aD6,8(B2895), (Q2) (Q2;1)
100 _aGupta Prabhakar
245 0 _aDesign and analysis of algorithms
250 _a2nd
260 _aNew Delhi
_bPHI Learning Private Limited
_c2012
300 _axv;408p
_ccm.
650 _aI I C
700 _a Agarwal Vineet
942 _hD6,8(B2895), (Q2) (Q2;1)
_cTEXL
_2CC
999 _c777377
_d777377